Name All Secretaries of Education - Statistics

General Stats
  • This quiz has been taken 3 times
  • The average score is 7 of 18
Answer Stats
Time Served President Home State Answer % Correct
March 3, 2025 - Present Donald Trump Connecticut Linda McMahon
100%
January 21, 2009 - January 1, 2016 Barack Obama Illinois Arne Duncan
67%
March 2, 2021 - January 20, 2025 Joe Biden Connecticut Miguel Cardona
67%
February 7, 2017 - January 8, 2021 Donald Trump Michigan Betsy DeVos
33%
(Acting) January 20, 2025 - March 3, 2025 Donald Trump ----- Denise L. Carter
33%
January 1, 2016 - January 20, 2017 Barack Obama New York John King Jr.
33%
March 22, 1991 - January 20, 1993 George H.W. Bush Tennessee Lamar Alexander
33%
September 20, 1988 - December 12, 1990 Ronald Reagan, George H.W. Bush Texas Lauro Cavazos
33%
January 20, 2005 - January 20, 2009 George W. Bush Texas Margaret Spellings
33%
(Acting) January 8, 2021 - January 20, 2021 Donald Trump South Carolina Mick Zais
33%
(Acting) January 20, 2017 - February 7, 2017 Donald Trump Virginia Phil Rosenfelt
33%
(Acting)January 20, 2021 - March 2, 2021 Joe Biden Virginia Phil Rosenfelt
33%
January 21, 1993 - January 20, 2001 Bill Clinton South Carolina Richard Riley
33%
January 20, 2001 - January 20, 2005 George W. Bush Texas Rod Page
33%
November 30, 1979 - January 20, 1981 Jimmy Carter California Shirley Hufstedler
33%
(Acting) December 12, 1990 - March 22, 1991 George H.W. Bush Illinois Ted Sanders
33%
January 22, 1981 - January 20, 1985 Ronald Reagan Utah Terrel Bell
33%
February 6, 1985 - September 20, 1988 Ronald Reagan North Carolina William Bennett
33%
No matching quizzes found
Score Distribution
Percent of People with Each Score
Percentile by Number Answered
Your Score History
You have not taken this quiz